| 000 | 00408nam a22001337a 4500 | ||
|---|---|---|---|
| 020 | _a0-534-06240-7 | ||
| 082 | _a651.7 KEL'A | ||
| 100 |
_aKELLER, THOMAS, SAVAGE, ERNEST N _967114 |
||
| 245 | _aADMINISTRATION INFORMATION SYSTEMS, PEOPLE AND TECHNOLOGY | ||
| 260 |
_aBOSTON _bKENT _c1986 |
||
| 300 | _a289P | ||
| 650 |
_aOFFICE MANAGEMENT OFFICE PRACTICE MANAGEMENT INFORMATION SYSTEMS _967115 |
||
| 942 | _cBK | ||
| 999 |
_c574961 _d574961 |
||